Insectos dañinos a la agricultura argentina /
Guardado en:
| Autor Principal: | |
|---|---|
| Formato: | Libro |
| Publicado: |
Buenos Aires :
Suelo Argentino,
1944
|
| Materias: | |
| Etiquetas: |
Agregar Etiqueta
Sin Etiquetas, Sea el primero en etiquetar este registro!
|
| LEADER | 00542nam a22001815a 4500 | ||
|---|---|---|---|
| 001 | CEM.cems016064 | ||
| 005 | 20100618172110.0 | ||
| 008 | 130507s1944##################000#0#####d | ||
| 003 | CEMS | ||
| 082 | 0 | 4 | |a 632.7 |
| 100 | 1 | |a Peluffo, Osvaldo R | |
| 245 | 1 | 0 | |a Insectos dañinos a la agricultura argentina / |c Osvaldo R Peluffo, |
| 260 | |a Buenos Aires : |b Suelo Argentino, |c 1944 | ||
| 300 | |a 170 p. | ||
| 653 | |a Agricultura | ||
| 653 | |a Cultivos-insectos | ||
| 653 | |a Zoologia agrícola | ||
| 859 | |a CEMS |b BIB. CEMS - Agricultura |h 632.7 |i P368 |p A6475.78 |t Ej.1 | ||
